| 000 | 00430nam a22001697a 4500 | ||
|---|---|---|---|
| 003 | MPLRDC | ||
| 005 | 20220104143206.0 | ||
| 008 | 210129b ||||| |||| 00| 0 eng d | ||
| 082 | _a226.6 PTJG v.1 | ||
| 100 | _a平田精耕 | ||
| 245 |
_a禅语经典. 上 _c林庆旺译 |
||
| 260 |
_a _b大展出版社 _c1990 |
||
| 300 | _b平 | ||
| 490 | _a家庭/生活. 53 | ||
| 650 | _a佛教宗派--禅宗 | ||
| 942 |
_cBK _o226.6 PTJG v.1 |
||
| 999 |
_c37506 _d37496 |
||